[Event "Turnov rapid op 18th"]
[Site "Turnov"]
[Date "2024.09.14"]
[Round "3"]
[White "Plat, Vojtech"]
[Black "Steger, Lukas Daniel"]
[Result "1-0"]
[WhiteElo "2544"]
[BlackElo "2031"]
[PlyCount "71"]
[EventDate "2024.09.14"]
[EventType "swiss (rapid)"]
[EventRounds "9"]
[EventCountry "CZE"]
[SourceTitle "EXT 2025"]
[Source "ChessBase"]
[SourceDate "2024.10.14"]
[SourceVersion "1"]
[SourceVersionDate "2024.10.14"]
[SourceQuality "1"]

1. e4 c5 2. c3 Nf6 3. e5 Nd5 4. Bc4 Nb6 5. Bb3 Nc6 6. Nf3 d5 7. exd6 Qxd6 8. 0-0 Be6 9. Bxe6 Qxe6 10. Re1 Qd7 11. a4 Nd5 12. d4 cxd4 13. Nxd4 e6 14. Nb5 Be7 15. c4 Ndb4 16. Qxd7+ Kxd7 17. Rd1+ Kc8 18. N1a3 a6 19. Nc3 Rd8 20. Be3 Nd3 21. Rd2 Nce5 22. b3 Bb4 23. Rc2 f5 24. h3 f4 25. Bb6 Rd6 26. a5 Bxa3 27. Rxa3 Nb4 28. Re2 Ned3 29. Ra1 Kd7 30. Ne4 Rc6 31. Rd1 Ke8 32. Red2 Ne5 33. Bd4 Nf7 34. Bxg7 Ke7 35. Rd7+ Ke8 36. Nf6# 1-0

[Event "Turnov rapid op 18th"]
[Site "Turnov"]
[Date "2024.09.14"]
[Round "8"]
[White "Steger, Lukas Daniel"]
[Black "Duda, Antonin"]
[Result "0-1"]
[WhiteElo "2031"]
[BlackElo "1919"]
[PlyCount "103"]
[EventDate "2024.09.14"]
[EventType "swiss (rapid)"]
[EventRounds "9"]
[EventCountry "CZE"]
[SourceTitle "EXT 2025"]
[Source "ChessBase"]
[SourceDate "2024.10.14"]
[SourceVersion "1"]
[SourceVersionDate "2024.10.14"]
[SourceQuality "1"]

1. e4 e5 2. Nf3 Nc6 3. Bb5 a6 4. Ba4 Nf6 5. 0-0 Be7 6. d3 b5 7. Bb3 d6 8. c3 0-0 9. Nbd2 Na5 10. Bc2 c5 11. Re1 Qc7 12. Nf1 Re8 13. a4 b4 14. Ne3 Be6 15. Ng5 Bd7 16. Bd2 Rab8 17. Bb3 d5 18. Nxd5 Nxd5 19. Bxd5 Bxg5 20. Bxg5 Be6 21. c4 Nc6 22. Be3 Nd4 23. Bxd4 exd4 24. Bxe6 Rxe6 25. g3 Qd7 26. Qh5 Qe7 27. Kg2 b3 28. Qd5 Re5 29. Qc6 Re6 30. Qd5 g6 31. e5 Re8 32. f4 Kg7 33. Re4 Rd8 34. Qxe6 Qxe6 35. Rae1 Qc6 36. Ra1 Rb8 37. Kf2 Rb4 38. a5 Ra4 39. Rae1 Ra2 40. R1e2 Qe6 41. Kg2 Rxa5 42. h3 h5 43. Re1 Ra2 44. R1e2 a5 45. Kf3 Qxh3 46. e6 fxe6 47. Rxe6 Ra1 48. Re7+ Kh6 49. Ke4 Qf5+ 50. Kf3 Qg4+ 51. Kg2 h4 52. Re8 0-1

[Event "GER-ch U14"]
[Site "Willingen"]
[Date "2023.06.01"]
[Round "7"]
[White "Steger, Lukas Daniel"]
[Black "Torosyan, Bagrat"]
[Result "1-0"]
[WhiteElo "1732"]
[BlackElo "1973"]
[PlyCount "83"]
[EventDate "2023.05.27"]
[EventType "swiss"]
[EventRounds "9"]
[EventCountry "GER"]
[SourceTitle "CBM 214 Extra"]
[Source "ChessBase"]
[SourceDate "2023.07.31"]
[SourceVersion "1"]
[SourceVersionDate "2023.07.31"]
[SourceQuality "1"]

1. d4 Nf6 2. c4 g6 3. Nc3 Bg7 4. e4 d6 5. Nf3 0-0 6. Be2 e5 7. 0-0 Nc6 8. d5 Ne7 9. Ne1 Nd7 10. Nd3 f5 11. f3 f4 12. Bd2 g5 13. Rc1 Nf6 14. c5 Ng6 15. cxd6 cxd6 16. Nf2 Rf7 17. a4 h5 18. h3 Bf8 19. Qc2 g4 20. fxg4 hxg4 21. hxg4 Rh7 22. Nb5 Ne8 23. Be1 f3 24. Bxf3 Bh6 25. Bd2 Qh4 26. Nh3 Bxg4 27. Bxg4 Qxg4 28. Bxh6 Rxh6 29. Qd3 Nh4 30. Rc2 Rg6 31. Rff2 a6 32. Nc3 Nf6 33. Kh1 b5 34. Qe2 Qg3 35. Rxf6 Rxf6 36. Nd1 Raf8 37. Ne3 Rf2 38. Nxf2 Rf3 39. Nfg4 Nxg2 40. Qxg2 Qh4+ 41. Nh2+ Rg3 42. Qxg3+ 1-0

[Event "GER-ch U14"]
[Site "Willingen"]
[Date "2023.05.30"]
[Round "4"]
[White "Steger, Lukas Daniel"]
[Black "Ahryzkov, Ivan"]
[Result "1-0"]
[WhiteElo "1732"]
[BlackElo "1494"]
[PlyCount "105"]
[EventDate "2023.05.27"]
[EventType "swiss"]
[EventRounds "9"]
[EventCountry "GER"]
[SourceTitle "CBM 214 Extra"]
[Source "ChessBase"]
[SourceDate "2023.07.31"]
[SourceVersion "1"]
[SourceVersionDate "2023.07.31"]
[SourceQuality "1"]

1. e4 d5 2. exd5 Qxd5 3. Nc3 Qa5 4. d4 Bf5 5. Nf3 c6 6. Bd2 Nf6 7. Bc4 e6 8. 0-0 Qc7 9. Re1 Be7 10. Ne5 Nbd7 11. Bf4 Nxe5 12. Bxe5 Qd7 13. Bd3 Bg6 14. Bxg6 hxg6 15. Ne4 Rh4 16. Qf3 Nxe4 17. Rxe4 Rxe4 18. Qxe4 Bf6 19. c3 0-0-0 20. Re1 Qd5 21. Qxd5 cxd5 22. Re3 Rh8 23. g4 Bxe5 24. Rxe5 Kd7 25. Kg2 a5 26. f4 Kd6 27. Kg3 a4 28. a3 Rh6 29. h4 Kc6 30. c4 Kd6 31. cxd5 exd5 32. Re8 Rh7 33. Rf8 f6 34. Ra8 b5 35. Ra5 Kc6 36. Ra6+ Kc7 37. g5 Kb7 38. Rd6 Rh8 39. gxf6 gxf6 40. Rxf6 Re8 41. Rxg6 Re2 42. h5 Rxb2 43. h6 Rb1 44. Kh2 b4 45. h7 bxa3 46. h8Q a2 47. Qg7+ Ka8 48. Qg8+ Ka7 49. Rg7+ Ka6 50. Qa8+ Kb6 51. Qa7+ Kb5 52. Qc5+ Ka6 53. Ra7# 1-0